|
|
|
|
| LEADER |
00000cam a2200000 7i4500 |
| 001 |
0000007355 |
| 005 |
20140710.0 |
| 020 |
|
|
|a 0721406289
|
| 090 |
0 |
0 |
|a JF
|b MUR
|
| 100 |
1 |
|
|a Murray, W
|
| 245 |
1 |
0 |
|a Learning is fun
|c W. Murray
|
| 260 |
|
|
|a Loughborough :
|b Ladybirds Books Ltd ,
|c 19--
|
| 300 |
|
|
|a 51p. :
|b ill. ;
|c 18cm.
|
| 490 |
0 |
|
|a Key words with Peter and Jane
|
| 500 |
|
|
|a Play & Learn Library
|
| 650 |
0 |
0 |
|a Children's stories
|
| 999 |
|
|
|a 00267762
|b BUKU
|c PINJAMAN
|e PERPUSTAKAAN KOMUNITI CAW BANDAR UTAMA
|
| 999 |
|
|
|a 00298507
|b BUKU
|c JUNIOR REFERENCE
|e PERPUSTAKAAN KOMUNITI PETALING JAYA
|
| 999 |
|
|
|a 00298508
|b BUKU
|c JUNIOR REFERENCE
|e PERPUSTAKAAN KOMUNITI PETALING JAYA
|
| 999 |
|
|
|a 052663
|b BUKU
|c PINJAMAN
|e PERPUSTAKAAN KOMUNITI PETALING JAYA
|
| 999 |
|
|
|a 052664
|b BUKU
|c PINJAMAN
|e MOBILE LIBRARY PKPJ
|
| 999 |
|
|
|a 054895
|b BUKU
|c PINJAMAN
|e PERPUSTAKAAN KOMUNITI PETALING JAYA
|
| 999 |
|
|
|a 054896
|b BUKU
|c PINJAMAN
|e MOBILE LIBRARY PKPJ
|
| 999 |
|
|
|a 117878
|b BUKU
|c PINJAMAN
|e PERPUSTAKAAN KOMUNITI PETALING JAYA
|
| 999 |
|
|
|a 117880
|b BUKU
|c PINJAMAN
|e PERPUSTAKAAN KOMUNITI CAW KOTA DAMANSARA
|
| 999 |
|
|
|a 117881
|b BUKU
|c PINJAMAN
|e PERPUSTAKAAN KOMUNITI CAW KOTA DAMANSARA
|
| 999 |
|
|
|a 117882
|b BUKU
|c PINJAMAN
|e PERPUSTAKAAN KOMUNITI PETALING JAYA
|